| 000 | 00401nam a2200121 4500 | ||
|---|---|---|---|
| 999 |
_c10964 _d10964 |
||
| 008 | 181001b ||||| |||| 00| 0 eng d | ||
| 100 |
_931863 _aBabiera, Lester G. |
||
| 245 |
_aApril's not 'the cruelest month.' but Nat'l literature month/ _cLester G. Babiera |
||
| 260 |
_aPhilippines _bPhilippine Daily Inquirer _cc2016 |
||
| 300 | _apage C3. | ||
| 650 | 0 |
_931864 _aBabiera, Lester G. |
|
| 942 |
_2ddc _cPER |
||